Normal view
MARC view
- Zhao, Feng, Guibas, Leonidas J
Entry Personal Name
001 - CONTROL NUMBER
- control field: 62052
003 - CONTROL NUMBER IDENTIFIER
- control field: NUST
005 - DATE AND TIME OF LATEST TRANSACTION
- control field: 20210628202852.0
008 - FIXED-LENGTH DATA ELEMENTS
- fixed length control field: 210628|| aca||aabn | a|a d
040 ## - CATALOGING SOURCE
- Original cataloging agency: NUST
- Transcribing agency: NUST
100 ## - HEADING--PERSONAL NAME
- Personal name: Zhao, Feng, Guibas, Leonidas J
670 ## - SOURCE DATA FOUND
- Source citation: Work cat.: (NUST): Zhao, Feng, Guibas, Leonidas J, Wireless sensor networks, an information processing approach, 2005
